[Event "21st ch-EUR Indiv w 2021"]
[Site "Iasi ROU"]
[Date "2021.08.14"]
[Round "6.7"]
[White "Mammadova, Gulnar"]
[Black "Bodnaruk, Anastasia"]
[Result "1/2-1/2"]
[WhiteTitle "IM"]
[BlackTitle "IM"]
[WhiteElo "2385"]
[BlackElo "2449"]
[WhiteFideId "13403508"]
[BlackFideId "4181751"]
[EventDate "2021.08.09"]

1. e4 c5 2. Nc3 d6 3. d4 cxd4 4. Qxd4 Nc6 5. Qd2 g6 6. b3 Bh6 7. f4 f5 8. Bb2
Nf6 9. Bd3 Qa5 10. exf5 Bxf5 11. Nge2 O-O-O 12. O-O-O e5 13. Bxf5+ gxf5 14. Qe1
Rhg8 15. Qh4 Rg6 16. Kb1 Kb8 17. h3 Bf8 18. g4 fxg4 19. hxg4 Nxg4 20. f5 Rg8 21.
Nd5 Rd7 22. f6 Nh6 23. Bc1 Rg6 24. Qh3 Qd8 25. Rhg1 Rf7 26. Qh5 Qd7 27. Rxg6
hxg6 28. Qxg6 Qg4 29. Qxg4 Nxg4 30. Rg1 Nxf6 31. Rf1 Be7 32. Ng3 Rf8 33. Nxe7
Nxe7 34. Bg5 Ned5 35. Ne4 Nh7 36. Rxf8+ Nxf8 37. c4 Nf4 38. Be7 N8g6 39. Bxd6+
Kc8 40. Nf6 Ne2 41. Kc2 b6 42. Kd3 Nc1+ 43. Ke4 Nxa2 1/2-1/2

[Event "21st ch-EUR Indiv w 2021"]
[Site "Iasi ROU"]
[Date "2021.08.14"]
[Round "6.8"]
[White "Garifullina, Leya"]
[Black "Badelka, Olga"]
[Result "1/2-1/2"]
[WhiteTitle "WGM"]
[BlackTitle "IM"]
[WhiteElo "2385"]
[BlackElo "2418"]
[WhiteFideId "34127035"]
[BlackFideId "13509926"]
[EventDate "2021.08.09"]

1. e4 e5 2. Nf3 Nc6 3. Bb5 Nf6 4. O-O Nxe4 5. d4 Nd6 6. Bxc6 dxc6 7. dxe5 Nf5 8.
Qxd8+ Kxd8 9. h3 h6 10. Nc3 Ke8 11. Ne2 c5 12. Nc3 Be6 13. Rd1 Rd8 14. Bf4 a6
15. Rxd8+ Kxd8 16. Rd1+ Kc8 17. a3 g5 18. Bc1 Ne7 19. Ne4 Ng6 20. b3 Be7 21. Ng3
Rd8 22. Re1 b5 23. Ne4 Kb7 24. h4 Bf5 25. Kh2 g4 26. h5 Nf8 27. Nfd2 Ne6 28. Kg3
Nd4 29. c3 Ne6 30. Nf6 Ng7 31. Nde4 Rd3+ 32. Kf4 Bc8 33. Be3 Kc6 34. Nxg4 Nxh5+
35. Kf3 f5 36. exf6 Bxg4+ 37. Kxg4 Nxf6+ 38. Nxf6 Bxf6 39. Rh1 Bxc3 40. Rxh6+
Rd6 41. Kf3 c4 42. bxc4 bxc4 43. Ke2 Kb5 44. Bf4 Rd7 45. a4+ Kxa4 46. Rxa6+ Kb3
47. Rc6 Ba5 48. g4 c3 49. g5 c2 50. g6 Bc3 51. Bc1 Rd1 52. Bf4 1/2-1/2

[Event "21st ch-EUR Indiv w 2021"]
[Site "Iasi ROU"]
[Date "2021.08.14"]
[Round "6.9"]
[White "Daulyte-Cornette, Deimante"]
[Black "Brunello, Marina"]
[Result "1-0"]
[WhiteTitle "IM"]
[BlackTitle "IM"]
[WhiteElo "2408"]
[BlackElo "2379"]
[WhiteFideId "12802859"]
[BlackFideId "822590"]
[EventDate "2021.08.09"]

1. e4 e5 2. Nf3 Nf6 3. Nxe5 d6 4. Nf3 Nxe4 5. c4 Nc6 6. d3 Nf6 7. d4 d5 8. c5 g6
9. Bb5 Bg7 10. O-O O-O 11. Bxc6 bxc6 12. Qa4 a5 13. Nc3 Bd7 14. Re1 Re8 15. Bf4
Nh5 16. Bg5 Qb8 17. Nxd5 Rxe1+ 18. Rxe1 Qxb2 19. Nxc7 Ra7 20. Ne8 Qb4 21. Qd1
Bg4 22. Nxg7 Bxf3 23. Nxh5 Bxh5 24. g4 f6 25. Bh6 1-0

[Event "21st ch-EUR Indiv w 2021"]
[Site "Iasi ROU"]
[Date "2021.08.14"]
[Round "6.10"]
[White "Unuk, Laura"]
[Black "Rozman, Monika"]
[Result "1-0"]
[WhiteTitle "IM"]
[BlackTitle "WFM"]
[WhiteElo "2407"]
[BlackElo "2122"]
[WhiteFideId "14609215"]
[BlackFideId "14609118"]
[EventDate "2021.08.09"]

1. d4 d5 2. c4 c6 3. Nf3 Nf6 4. Nc3 dxc4 5. a4 Bf5 6. Ne5 Nbd7 7. Nxc4 Qc7 8. g3
e5 9. dxe5 Nxe5 10. Bf4 Nfd7 11. Bg2 f6 12. Nxe5 Nxe5 13. O-O g5 14. Be3 Bd6 15.
a5 a6 16. Qa4 Kf7 17. Rfd1 h5 18. Ne4 Bxe4 19. Qxe4 h4 20. Qf5 hxg3 21. hxg3
Rag8 22. Ra4 Qe7 23. Rad4 Rd8 24. Bxg5 Bc7 25. Bf4 Qe6 26. Qxe6+ Kxe6 27. b4 Rd6
28. Be3 Rhd8 29. Bh3+ f5 30. Rxd6+ Rxd6 31. Rc1 Kf6 32. f4 Nf7 33. Kf2 Rd5 34.
Bg2 Rb5 35. Bd2 Bd6 36. Rc4 Be7 37. g4 fxg4 38. e4 Ke6 39. Kg3 Nd6 40. Rc2 Ne8
41. Bf1 Rh5 42. Bc4+ Kd7 43. e5 Ng7 44. Kxg4 Rh4+ 45. Kf3 Nf5 46. Rc1 Ke8 47.
Be1 Rh1 48. Kg2 Rh8 49. Bd2 Nh4+ 50. Kg3 Nf5+ 51. Kg2 Nh4+ 52. Kf2 Nf5 53. Rg1
Kd7 54. Rg2 Rh1 55. e6+ Kd6 56. Bc3 c5 57. Be5+ Kc6 58. Bd3 Nd4 59. Rg7 Bh4+ 60.
Kg2 Re1 61. Rc7+ Kd5 62. Rxc5+ Kxe6 63. Bxd4 Rd1 64. Bf5+ Ke7 65. Rc7+ Ke8 66.
Bc5 Rd5 67. Be4 Rd2+ 68. Kf3 Bd8 69. Bg6# 1-0

[Event "21st ch-EUR Indiv w 2021"]
[Site "Iasi ROU"]
[Date "2021.08.14"]
[Round "6.11"]
[White "Balajayeva, Khanim"]
[Black "Hoang, Thanh Trang"]
[Result "1/2-1/2"]
[WhiteTitle "WGM"]
[BlackTitle "GM"]
[WhiteElo "2376"]
[BlackElo "2404"]
[WhiteFideId "13406396"]
[BlackFideId "12400149"]
[EventDate "2021.08.09"]

1. e4 e6 2. d4 d5 3. Nc3 Nf6 4. e5 Nfd7 5. f4 c5 6. Nf3 Nc6 7. Be3 a6 8. Qd2 b5
9. dxc5 Bxc5 10. Bd3 Qb6 11. Bf2 Bb7 12. O-O Bxf2+ 13. Rxf2 Nc5 14. a3 b4 15.
axb4 Nxb4 16. Re1 Rd8 17. Ne2 Ne4 18. Bxe4 dxe4 19. Nfd4 O-O 20. Rff1 Nc6 21. c3
Na5 22. Qc2 Nc4 23. Ng3 e3 24. Re2 f6 25. exf6 Rxf6 26. b3 Nd2 27. Rfe1 Bd5 28.
Rxe3 Nxb3 29. Nxb3 Qxb3 30. Qxb3 Bxb3 31. Ne4 1/2-1/2

[Event "21st ch-EUR Indiv w 2021"]
[Site "Iasi ROU"]
[Date "2021.08.14"]
[Round "6.12"]
[White "Milliet, Sophie"]
[Black "Radeva, Viktoria"]
[Result "1/2-1/2"]
[WhiteTitle "IM"]
[BlackTitle "WGM"]
[WhiteElo "2403"]
[BlackElo "2372"]
[WhiteFideId "623725"]
[BlackFideId "2915405"]
[EventDate "2021.08.09"]

1. e4 c5 2. Nf3 e6 3. d4 cxd4 4. Nxd4 a6 5. c4 Nf6 6. Nc3 Bb4 7. Qd3 d5 8. exd5
exd5 9. Be2 O-O 10. O-O Nc6 11. Rd1 Re8 12. Nxc6 bxc6 13. cxd5 Nxd5 14. Nxd5
Qxd5 15. Qxd5 cxd5 16. Bf3 Be6 17. Be3 Red8 18. Rac1 Rab8 19. Rc6 a5 20. Bd4 Be7
21. Ra6 Bf6 22. Bxf6 gxf6 23. Rd2 Rb5 24. Kf1 Rc5 25. b3 Kg7 26. Rd4 Bf5 27. Ra7
Bb1 28. g3 Bxa2 29. Bh5 Bxb3 30. Bxf7 Kh8 31. Be6 Bc2 32. g4 Bg6 33. h4 Re8 34.
Bxd5 Rd8 35. Ra8 Rxa8 1/2-1/2

[Event "21st ch-EUR Indiv w 2021"]
[Site "Iasi ROU"]
[Date "2021.08.14"]
[Round "6.13"]
[White "Beydullayeva, Govhar"]
[Black "Zawadzka, Jolanta"]
[Result "0-1"]
[WhiteTitle "WIM"]
[BlackTitle "WGM"]
[WhiteElo "2282"]
[BlackElo "2403"]
[WhiteFideId "13413015"]
[BlackFideId "1122320"]
[EventDate "2021.08.09"]

1. Nf3 d5 2. g3 Nd7 3. d4 b5 4. a4 b4 5. c4 dxc4 6. Bg2 Bb7 7. Qc2 Ngf6 8. Qxc4
e6 9. O-O c5 10. Nbd2 Rc8 11. b3 cxd4 12. Qxd4 Bc5 13. Qd3 e5 14. Nh4 Bxg2 15.
Kxg2 Bd4 16. Ra2 O-O 17. Nf5 Nc5 18. Qc4 Bc3 19. Nb1 Qd7 20. Nxc3 bxc3 21. Ne3
Qb7+ 22. Kg1 Nxb3 23. Qb5 Qxb5 24. axb5 Rc7 25. Nc2 Rb8 26. Be3 Rxb5 27. Rxa7
Rxa7 28. Bxa7 Kf8 29. Rd1 Ke7 30. Kg2 Nd2 31. Be3 Rb1 32. Rxb1 Nxb1 33. Kf1 Ke6
34. f3 Kd5 35. Ke1 Kc4 36. Kd1 Kb3 37. Bc1 Nd5 38. e4 Nc7 39. f4 f6 40. g4 Ne6
41. fxe5 fxe5 42. Na1+ Ka2 43. Nc2 Nc5 44. Ke2 Kb3 45. Ne3 c2 46. g5 Nc3+ 47.
Kf3 Nd3 48. Nxc2 Kxc2 49. Ba3 g6 50. h4 Kd2 51. Bd6 Ne2 0-1

[Event "21st ch-EUR Indiv w 2021"]
[Site "Iasi ROU"]
[Date "2021.08.14"]
[Round "6.14"]
[White "Injac, Teodora"]
[Black "Sargsyan, Anna M."]
[Result "1-0"]
[WhiteTitle "WGM"]
[BlackTitle "WGM"]
[WhiteElo "2370"]
[BlackElo "2388"]
[WhiteFideId "932400"]
[BlackFideId "13308130"]
[EventDate "2021.08.09"]

1. Nf3 d5 2. g3 c5 3. Bg2 g6 4. c4 Nf6 5. cxd5 Nxd5 6. d4 Bg7 7. O-O cxd4 8.
Nxd4 Nc7 9. Nb3 Qxd1 10. Rxd1 Nc6 11. Nc3 O-O 12. Bf4 Ne6 13. Be3 Rd8 14. Rxd8+
Nexd8 15. Rd1 Bf5 16. Nd4 Nxd4 17. Bxd4 Bxd4 18. Rxd4 Rc8 19. f4 Nc6 20. Rc4 Be6
21. Rc5 Kf8 22. Kf2 f6 23. Bxc6 bxc6 24. b4 Kf7 25. a3 Bd7 26. e4 Rb8 27. Ra5
Rb7 28. Ke3 Be8 29. Na4 h5 30. Nc5 Rc7 31. Kd4 e6 32. e5 f5 33. Kc4 Ke7 34. h4
Bf7 35. Nb3 1-0

[Event "21st ch-EUR Indiv w 2021"]
[Site "Iasi ROU"]
[Date "2021.08.14"]
[Round "6.15"]
[White "Khotenashvili, Bela"]
[Black "Muetsch, Annmarie"]
[Result "1-0"]
[WhiteTitle "GM"]
[BlackTitle "WIM"]
[WhiteElo "2471"]
[BlackElo "2259"]
[WhiteFideId "13602640"]
[BlackFideId "12971367"]
[EventDate "2021.08.09"]

1. d4 d6 2. Nf3 g6 3. c4 Bg7 4. Nc3 Nf6 5. g3 O-O 6. Bg2 Nbd7 7. O-O e5 8. e3 c6
9. b3 e4 10. Nd2 d5 11. a4 a6 12. cxd5 cxd5 13. f3 exf3 14. Qxf3 Qa5 15. Ndb1
Ne4 16. b4 Qd8 17. Nxd5 Ng5 18. Qf4 Ne6 19. Qd6 Re8 20. Nf4 Bf8 21. Nxe6 Rxe6
22. Qd5 Bxb4 23. Ra2 Qe7 24. Raf2 Rf6 25. Qb3 a5 26. Rxf6 Nxf6 27. e4 Be6 28. d5
Bd7 29. Bg5 Qc5+ 30. Kh1 Ng4 31. Qf3 Rf8 32. h4 f6 33. Bf4 Ne5 34. Qd1 b5 35.
Bh6 Rf7 36. Nd2 bxa4 37. Nf3 Nc4 38. Qe2 Bb5 39. Rc1 Nd6 40. Qd1 Qb6 41. Nd4 Bd7
42. Nc6 a3 43. Qc2 Be8 44. Qb3 Rb7 45. Qf3 f5 46. e5 Ne4 47. Kh2 a2 48. Ra1 Bxc6
49. dxc6 Qxc6 50. Rxa2 Qe6 51. Rc2 Be1 52. Bf1 Bxg3+ 53. Kg2 Rb4 54. Qd1 Bxh4
55. Qc1 Bd8 56. Bc4 Rxc4 57. Rxc4 Qd5 58. Kg1 g5 59. Rc8 f4 60. Qc4 Qxc4 61.
Rxc4 Bb6+ 62. Kh1 Ng3+ 63. Kg2 Nf5 64. Rc8+ Kf7 65. Rf8+ Kg6 66. Rf6+ Kh5 67.
Rxf5 Bd8 68. Rf8 1-0

[Event "21st ch-EUR Indiv w 2021"]
[Site "Iasi ROU"]
[Date "2021.08.14"]
[Round "6.16"]
[White "Girya, Olga"]
[Black "Krasteva, Beloslava"]
[Result "1/2-1/2"]
[WhiteTitle "WGM"]
[BlackTitle "FM"]
[WhiteElo "2425"]
[BlackElo "2243"]
[WhiteFideId "4195752"]
[BlackFideId "2922029"]
[EventDate "2021.08.09"]

1. d4 Nf6 2. c4 e6 3. Nc3 Bb4 4. Qc2 O-O 5. e4 d5 6. e5 Ne4 7. Bd3 c5 8. Nf3
cxd4 9. Nxd4 Nd7 10. Bf4 Qh4 11. g3 Qh5 12. O-O Bxc3 13. bxc3 g5 14. cxd5 exd5
15. Be3 Nxe5 16. f3 Nxd3 17. Qxd3 Nd6 18. g4 Qg6 19. Qxg6+ hxg6 20. Bxg5 f6 21.
Bf4 Nc4 22. h4 Bd7 23. Rab1 b6 24. Rfe1 Rfe8 25. Kf2 Kf7 26. h5 gxh5 27. gxh5
Rxe1 28. Rxe1 Rc8 29. h6 Nb2 30. Rg1 Rg8 31. Rb1 Nd3+ 32. Ke3 Nxf4 33. Kxf4 Rh8
34. a4 Rxh6 35. a5 bxa5 36. Rb7 Ke8 37. Rxa7 a4 38. Nf5 Rh3 39. Ra8+ Kf7 40. Ra7
Ke8 1/2-1/2

[Event "21st ch-EUR Indiv w 2021"]
[Site "Iasi ROU"]
[Date "2021.08.14"]
[Round "6.17"]
[White "Mamedjarova, Zeinab"]
[Black "Tsolakidou, Stavroula"]
[Result "0-1"]
[WhiteTitle "WGM"]
[BlackTitle "IM"]
[WhiteElo "2272"]
[BlackElo "2389"]
[WhiteFideId "13401521"]
[BlackFideId "4264312"]
[EventDate "2021.08.09"]

1. Nf3 d5 2. g3 Nd7 3. Bg2 e5 4. d3 Ngf6 5. O-O Bd6 6. Nbd2 O-O 7. e4 c6 8. b3
Re8 9. Bb2 a5 10. a4 Qc7 11. Re1 dxe4 12. dxe4 Bb4 13. c3 Bf8 14. Qc2 Nc5 15. h3
b5 16. axb5 cxb5 17. c4 b4 18. Nxe5 Rxe5 19. f4 Rh5 20. e5 Bxh3 21. exf6 Rd8 22.
Nf3 Nd3 23. Red1 Bf5 24. g4 Nxb2 25. Qxb2 Bxg4 26. Rxd8 Qxd8 27. fxg7 Qb6+ 28.
Kf1 Bxg7 29. Qc1 Bxa1 30. Qxa1 Qe3 31. Qd4 Rh1+ 32. Bxh1 Bh3+ 33. Bg2 Qxf3+ 34.
Ke1 Qxg2 35. Qd8+ Kg7 36. Qxa5 Qf1+ 37. Kd2 Qxf4+ 0-1

[Event "21st ch-EUR Indiv w 2021"]
[Site "Iasi ROU"]
[Date "2021.08.14"]
[Round "6.18"]
[White "Mkrtchian, Lilit"]
[Black "Semenova, Elena1"]
[Result "1/2-1/2"]
[WhiteTitle "IM"]
[BlackTitle "WIM"]
[WhiteElo "2388"]
[BlackElo "2212"]
[WhiteFideId "13300601"]
[BlackFideId "24125148"]
[EventDate "2021.08.09"]

1. c4 Nf6 2. Nc3 e5 3. Nf3 Nc6 4. e4 Bc5 5. Nxe5 Nxe5 6. d4 Bxd4 7. Qxd4 Nc6 8.
Qd1 Qe7 9. f3 h6 10. Be3 d6 11. Qd2 Bd7 12. Be2 a6 13. O-O O-O 14. Rac1 Rac8 15.
Rfd1 Rfe8 16. Nd5 Nxd5 17. cxd5 Ne5 18. Qb4 f5 19. Qxb7 fxe4 20. fxe4 Qh4 21.
Qb4 Rb8 22. Qd4 Bg4 23. Bf2 Qe7 24. Bxg4 Nxg4 25. Rc4 Nxf2 26. Qxf2 Rf8 27. Qc2
Qe5 28. b3 Rf4 29. Re1 Rbf8 30. Qc3 Qg5 31. Rxc7 Rf2 32. Qg3 Qxg3 33. hxg3 Rxa2
34. Rf1 Re2 35. Rd7 Rxf1+ 36. Kxf1 Rxe4 37. Rxd6 Rb4 38. Rxa6 Rxb3 39. Kf2 Rd3
40. d6 Kf7 41. Ra7+ Kf6 42. d7 Ke6 43. d8=Q Rxd8 44. Rxg7 Kf6 45. Ra7 Rd3 46.
Ra4 Kg5 47. Re4 Ra3 1/2-1/2

[Event "21st ch-EUR Indiv w 2021"]
[Site "Iasi ROU"]
[Date "2021.08.14"]
[Round "6.19"]
[White "Sieber, Fiona"]
[Black "Kulon, Klaudia"]
[Result "1/2-1/2"]
[WhiteTitle "WIM"]
[BlackTitle "IM"]
[WhiteElo "2254"]
[BlackElo "2363"]
[WhiteFideId "12902373"]
[BlackFideId "1131044"]
[EventDate "2021.08.09"]

1. e4 d5 2. exd5 Qxd5 3. Nc3 Qd8 4. d4 Nf6 5. Nf3 g6 6. Bc4 Bg7 7. h3 O-O 8. O-O
Nc6 9. Re1 b6 10. Bg5 h6 11. Bh4 Bb7 12. Ne5 Qxd4 13. Qxd4 Nxd4 14. Rad1 Nf5 15.
Nxg6 Nxh4 16. Nxh4 e6 17. Be2 Rfd8 18. Bf3 c6 19. g3 Nd5 20. Na4 Nb4 21. Be4 f5
22. a3 Na6 23. Bf3 b5 24. Nc3 Nc5 25. Ng6 Kf7 26. Ne5+ Bxe5 27. Rxe5 Rxd1+ 28.
Nxd1 Nd7 29. Re1 Kf6 30. Ne3 Rb8 31. Rd1 Ne5 32. Be2 c5 33. f4 Nf3+ 34. Kf2 Nd4
35. Bf1 Be4 36. c3 Nb3 37. Rd7 a6 38. Be2 c4 39. Bh5 Rb7 40. Rd8 Nc5 41. Rg8 Rd7
42. Rg6+ Ke7 43. Rg7+ Kd8 44. Rxd7+ Kxd7 45. Nd1 Bc2 46. Ke3 Ne4 47. Bf3 Nxg3
48. Nf2 Kd6 49. Bb7 a5 50. Ba6 Ba4 51. Bc8 Nh5 52. Nh1 Nf6 53. Bb7 Nd7 54. Nf2
Nc5 55. Bf3 e5 56. fxe5+ Kxe5 57. Be2 Bc2 58. Bh5 Ne4 59. Be8 Ba4 60. Bd7 Nf6
61. Bc6 Ng8 62. Bb7 Ne7 63. Bf3 Bb3 64. Bb7 Bc2 65. Ba8 Bb1 66. Bb7 h5 67. Kf3
f4 68. Bc6 Bg6 69. Bxb5 Bf7 70. Ke2 Bd5 71. Be8 Nf5 72. Kd2 Ng3 73. h4 f3 74.
Nh3 Be6 75. Nf2 Kf4 76. Bg6 Bd5 77. Ke1 Be6 78. Kd2 Bg4 79. Bf7 Ne4+ 80. Ke1 Ke3 1/2-1/2

[Event "21st ch-EUR Indiv w 2021"]
[Site "Iasi ROU"]
[Date "2021.08.14"]
[Round "6.20"]
[White "Belenkaya, Dina"]
[Black "Kazarian, Anna-Maja"]
[Result "0-1"]
[WhiteTitle "WGM"]
[BlackTitle "FM"]
[WhiteElo "2350"]
[BlackElo "2096"]
[WhiteFideId "24142654"]
[BlackFideId "1033689"]
[EventDate "2021.08.09"]

1. e4 e6 2. d3 c5 3. Nf3 Nc6 4. g3 g6 5. Bg2 Bg7 6. O-O Nge7 7. Re1 d6 8. Nbd2
O-O 9. Nf1 b5 10. Ne3 e5 11. a4 b4 12. Nd2 Rb8 13. Ndc4 Be6 14. Bd2 Qd7 15. Nd5
Nd4 16. Be3 Bxd5 17. exd5 b3 18. Bxd4 bxc2 19. Qxc2 exd4 20. Na5 Rfe8 21. Nc6
Nxc6 22. dxc6 Qc7 23. Bd5 Re5 24. Rxe5 dxe5 25. Qxc5 Rxb2 26. Qc4 Rb8 27. a5 Bf8
28. a6 Bd6 29. Rc1 Kg7 30. Qa2 f5 31. Be6 Rb5 32. Bd7 e4 33. Rc4 exd3 34. Rxd4
Qb6 35. Qc4 Rb1+ 36. Kg2 Rb4 37. Qxb4 Bxb4 38. Rxd3 Be1 39. Re3 Ba5 40. Re6 Qd8
41. Re8 Qb6 42. Re7+ Kf8 43. Rxh7 Qxa6 44. Rh8+ Kg7 45. Rb8 Bb6 46. Rb7 Kf6 47.
h4 Qa2 48. Kh3 Qxf2 49. g4 Qf1+ 50. Kg3 f4+ 0-1

[Event "21st ch-EUR Indiv w 2021"]
[Site "Iasi ROU"]
[Date "2021.08.14"]
[Round "6.21"]
[White "Gaboyan, Susanna"]
[Black "Calzetta Ruiz, Monica"]
[Result "1-0"]
[WhiteTitle "WIM"]
[BlackTitle "WGM"]
[WhiteElo "2215"]
[BlackElo "2306"]
[WhiteFideId "13303627"]
[BlackFideId "2204185"]
[EventDate "2021.08.09"]

1. Nf3 c5 2. g3 Nc6 3. d4 cxd4 4. Nxd4 g6 5. Bg2 Bg7 6. Nxc6 bxc6 7. O-O d5 8.
c4 Nf6 9. Nc3 e6 10. e4 O-O 11. cxd5 cxd5 12. Bg5 Qb6 13. exd5 Nxd5 14. Nxd5
exd5 15. Bxd5 Bb7 16. Bxb7 Qxb7 17. Rb1 h6 18. Be3 Qa6 19. a3 Rfd8 20. Qf3 Rab8
21. Rfd1 Rxd1+ 22. Qxd1 Rxb2 23. Rxb2 Bxb2 24. a4 h5 25. Qd7 Qe2 26. Qe8+ Kh7
27. Qxf7+ Bg7 28. Qd7 a6 29. h4 Qc4 30. Kh2 Qe4 31. Bc5 Qf3 32. Bd4 Qf8 33. Kg2
Kh6 34. Bxg7+ Qxg7 35. Qxg7+ Kxg7 36. Kf3 Kf6 37. Kf4 a5 38. f3 Ke6 39. Kg5 Kf7
40. f4 Kg7 41. f5 gxf5 42. Kxf5 Kh6 43. Kf6 1-0

[Event "21st ch-EUR Indiv w 2021"]
[Site "Iasi ROU"]
[Date "2021.08.14"]
[Round "6.22"]
[White "Toncheva, Nadya"]
[Black "Heinemann, Josefine"]
[Result "1-0"]
[WhiteTitle "FM"]
[BlackTitle "WGM"]
[WhiteElo "2156"]
[BlackElo "2296"]
[WhiteFideId "2924056"]
[BlackFideId "12900460"]
[EventDate "2021.08.09"]

1. d4 Nf6 2. c4 g6 3. Nc3 d5 4. cxd5 Nxd5 5. e4 Nxc3 6. bxc3 Bg7 7. Be3 c5 8.
Rc1 Qa5 9. Qd2 O-O 10. Nf3 Nd7 11. d5 b5 12. h4 Nf6 13. Bd3 c4 14. Bb1 e6 15.
Bh6 exd5 16. Bxg7 Kxg7 17. e5 Ng4 18. h5 Qc7 19. hxg6 fxg6 20. Qg5 Qf7 21. Rd1
h6 22. Qh4 Qf4 23. Qe7+ Rf7 24. Qd6 Bf5 25. Qxd5 Re8 26. g3 Qxf3 27. Qxf3 Rxe5+
28. Kd2 Bxb1 29. Qxg4 Rxf2+ 30. Kc1 Bf5 31. Rd7+ Bxd7 32. Qxd7+ Rf7 33. Qd4 1-0

[Event "21st ch-EUR Indiv w 2021"]
[Site "Iasi ROU"]
[Date "2021.08.14"]
[Round "6.23"]
[White "Antova, Gabriela"]
[Black "Ilyuchyk, Yana"]
[Result "1-0"]
[WhiteTitle "FM"]
[BlackTitle "WFM"]
[WhiteElo "2292"]
[BlackElo "2097"]
[WhiteFideId "2915235"]
[BlackFideId "13508407"]
[EventDate "2021.08.09"]

1. d4 Nf6 2. c4 d6 3. Nf3 g6 4. g3 Bg7 5. Bg2 O-O 6. O-O Nbd7 7. Nc3 e5 8. e4
exd4 9. Nxd4 Nc5 10. f3 Nfd7 11. Be3 Ne5 12. b3 a5 13. Qd2 a4 14. Rab1 axb3 15.
axb3 c6 16. h3 Ra3 17. Qc1 Ra6 18. Qc2 Ne6 19. Nde2 f5 20. f4 Nf7 21. exf5 gxf5
22. Kh2 Re8 23. Rfe1 Bd7 24. b4 Ra3 25. Qb2 Ra8 26. Bf2 h5 27. Bf3 h4 28. gxh4
Qf6 29. Rg1 Kf8 30. h5 Nxf4 31. Nxf4 Qe5 32. Rxg7 Kxg7 33. Qd2 Kh7 34. Rg1 Qf6
35. Rg6 Ne5 36. Bd1 Nxg6 37. hxg6+ Kg8 38. Bd4 Qg5 39. Qf2 c5 40. bxc5 dxc5 41.
Bxc5 Ra1 42. h4 Qd8 43. Bf3 Bc6 44. Ncd5 Ree1 45. Nh5 Qb8+ 46. Kg2 Re6 47. Ndf6+
Rxf6 48. Nxf6+ Kg7 49. Nd5 Kxg6 50. Qb2 Bxd5 51. Bxd5 Qa8 52. Qb6+ Kh7 53. Qc7+ 1-0

[Event "21st ch-EUR Indiv w 2021"]
[Site "Iasi ROU"]
[Date "2021.08.14"]
[Round "6.24"]
[White "Zeliantsova, Kseniya"]
[Black "Narva, Mai"]
[Result "0-1"]
[WhiteTitle "WFM"]
[BlackTitle "WIM"]
[WhiteElo "1970"]
[BlackElo "2276"]
[WhiteFideId "13512617"]
[BlackFideId "4500512"]
[EventDate "2021.08.09"]

1. e4 c5 2. Nf3 a6 3. Nc3 b5 4. g3 Bb7 5. Bg2 b4 6. Na4 Qa5 7. b3 Bxe4 8. O-O
Nf6 9. Bb2 e6 10. Re1 Bc6 11. Bxf6 gxf6 12. d4 Be7 13. dxc5 Bxa4 14. bxa4 Nc6
15. Nd4 Qxc5 16. Bxc6 dxc6 17. Qf3 Qd5 18. Qg4 c5 19. Nxe6 fxe6 20. Rxe6 Kf7 21.
Rae1 Rhe8 22. Qe2 Ra7 23. Qe3 Rd7 24. Rxa6 Red8 25. Qh6 Qf5 26. Rae6 Bf8 27. Qh4
Rd4 28. R6e4 h5 29. h3 Rxe4 30. Rxe4 Qg5 31. Qxg5 fxg5 32. h4 gxh4 33. Rxh4 Rd2
34. Rc4 Ke6 35. a5 Kd5 36. Rf4 Bd6 37. a6 Rxc2 38. a3 Ra2 39. Rf3 Kc6 40. a7 Kb7
41. axb4 cxb4 42. Rf6 b3 0-1

[Event "21st ch-EUR Indiv w 2021"]
[Site "Iasi ROU"]
[Date "2021.08.14"]
[Round "6.25"]
[White "Efroimski, Marsel"]
[Black "Eric, Jovana"]
[Result "0-1"]
[WhiteTitle "IM"]
[BlackTitle "WGM"]
[WhiteElo "2446"]
[BlackElo "2254"]
[WhiteFideId "2810964"]
[BlackFideId "938238"]
[EventDate "2021.08.09"]

1. e4 c5 2. Nf3 d6 3. d4 cxd4 4. Nxd4 Nf6 5. Nc3 a6 6. a4 e5 7. Nf3 h6 8. Bc4
Be7 9. O-O O-O 10. Qe2 Be6 11. Rd1 Qc7 12. Nd5 Nxd5 13. Bxd5 Bxd5 14. Rxd5 Rc8
15. c3 Nd7 16. Rd1 Nc5 17. Qc2 Qc6 18. Re1 b5 19. axb5 axb5 20. Rxa8 Rxa8 21. b3
Ra1 22. Nd2 Bg5 23. f3 Rxc1 24. Rxc1 Bxd2 25. Rd1 Be3+ 26. Kh1 Qa6 27. b4 Qa4
28. Qe2 Ne6 29. Rxd6 Qa1+ 30. Rd1 Qxc3 31. Rd3 Qa1+ 32. Rd1 Qa4 33. Rd5 Bd4 34.
Qf1 Nf4 35. Rd8+ Kh7 36. g3 Nh3 37. Qc1 Qa2 38. Qc8 Nf2+ 39. Kg2 Ng4+ 40. Kh3
Qxh2+ 41. Kxg4 h5+ 42. Kf5 Qh3+ 43. g4 Qxf3+ 44. Kg5 Qf6+ 0-1

[Event "21st ch-EUR Indiv w 2021"]
[Site "Iasi ROU"]
[Date "2021.08.14"]
[Round "6.26"]
[White "Dornbusch, Tatiana"]
[Black "Zimina, Olga"]
[Result "1/2-1/2"]
[WhiteTitle "WGM"]
[BlackTitle "IM"]
[WhiteElo "2249"]
[BlackElo "2345"]
[WhiteFideId "14107449"]
[BlackFideId "4132190"]
[EventDate "2021.08.09"]

1. d4 Nf6 2. c4 c5 3. Nf3 cxd4 4. Nxd4 e5 5. Nc2 d5 6. cxd5 Qxd5 7. Qxd5 Nxd5 8.
e4 Nb4 9. Nxb4 Bxb4+ 10. Bd2 Nc6 11. Bb5 Bd7 12. Bxc6 Bxd2+ 13. Kxd2 Bxc6 14.
Nc3 Ke7 15. Rhd1 Rhd8+ 16. Ke3 Rxd1 17. Rxd1 Rd8 18. Rd3 Rd6 19. Rd2 Rd7 20. Rd3
Rd6 21. Rd2 Rd7 22. Rd3 Rd6 1/2-1/2

[Event "21st ch-EUR Indiv w 2021"]
[Site "Iasi ROU"]
[Date "2021.08.14"]
[Round "6.27"]
[White "Ghukasyan, Siranush"]
[Black "Peycheva, Gergana"]
[Result "0-1"]
[WhiteTitle "WIM"]
[BlackTitle "FM"]
[WhiteElo "2194"]
[BlackElo "2332"]
[WhiteFideId "13300946"]
[BlackFideId "2916711"]
[EventDate "2021.08.09"]

1. e4 c6 2. d4 d5 3. exd5 cxd5 4. Bd3 Nc6 5. c3 Qc7 6. Ne2 Bg4 7. O-O e6 8. Qe1
Nf6 9. f3 Bh5 10. Qh4 Bg6 11. Bxg6 fxg6 12. Nf4 Kf7 13. Re1 Re8 14. Nh3 e5 15.
dxe5 Nxe5 16. Bf4 h6 17. Kh1 g5 18. Bxg5 Ng6 19. Qf2 Bc5 20. Be3 Rxe3 21. Rxe3
Qb6 22. Nd2 Bxe3 23. Qe2 Bxd2 24. Qxd2 Re8 25. Rd1 Qe3 0-1

[Event "21st ch-EUR Indiv w 2021"]
[Site "Iasi ROU"]
[Date "2021.08.14"]
[Round "6.28"]
[White "Chernyak, Viktoria"]
[Black "Fataliyeva, Ulviyya"]
[Result "0-1"]
[WhiteTitle "WGM"]
[BlackTitle "WGM"]
[WhiteElo "2319"]
[BlackElo "2253"]
[WhiteFideId "24165956"]
[BlackFideId "13403052"]
[EventDate "2021.08.09"]

1. c4 e6 2. Nc3 d5 3. d4 a6 4. cxd5 exd5 5. Qb3 Bd6 6. Qxd5 Nf6 7. Qb3 c5 8. e3
cxd4 9. exd4 Nc6 10. Nf3 O-O 11. Be2 Bg4 12. Be3 b5 13. O-O b4 14. Na4 Nd5 15.
Rfe1 Nxe3 16. fxe3 Re8 17. Rac1 Bxf3 18. Bxf3 Nxd4 19. exd4 Bxh2+ 20. Kf1 Qxd4
21. Re3 Rxe3 22. Bxa8 Re8 23. Be4 Qg1+ 24. Ke2 Qxg2+ 25. Kd1 Qxe4 26. Rc5 Rd8+
27. Kc1 Bf4+ 0-1